| 000 | 00555nam a2200181Ia 4500 | ||
|---|---|---|---|
| 003 | GCL | ||
| 008 | 140319s9999 xx 000 0 ara d | ||
| 040 |
_aGCL / _cGCL |
||
| 082 | 0 | 4 |
_a818.03 _bل ج |
| 100 | 1 | _aليلى السائح | |
| 245 | 1 | 0 |
_aالجذور التى لا ترحل / _cليلى السائح |
| 260 |
_a[S.N] : _bشركة كاظم للنشر والترجمة والتوزيع ، _c1984 |
||
| 490 | _a | ||
| 650 | 0 | 4 | _aالادب العربى |
| 650 | 0 | 4 | _aمقالات ومحاضرات |
| 650 | 0 | 4 | _aالرسائل |
| 942 |
_2ddc _cBK |
||
| 999 |
_c53049 _d53049 |
||